Statistics for Cryptozoology quiz

Click here to take the quiz!

General Stats

  • This quiz has been taken 320 times
  • The average score is 8 of 16

Answer Stats

DescriptionLocationAnswer% Correct
Humanoid beast of the Pacific NorthwestNorthwestern USBigfoot
96%
Said to live in Scotland's most famous lakeScotlandLoch Ness Monster
85%
Hairy, mountain-dwelling giant apeHimalayasYeti
77%
Reptile-like beast that preys on goatsCentral/South AmericaChupacabra
76%
Human-sized winged creature rumored to be connected to a deadly bridge collapseWest VirginiaMothman
70%
Winged creature with a long neck and horse-like headNew JerseyJersey Devil
60%
Gigantic prehistoric shark rumored to still exist in some areasWorldwideMegalodon
60%
Magnificent giant bird linked to Native American legendSouthwestern USThunderbird
50%
Swamp-dwelling primate with a foul odorFloridaSkunk Ape
40%
Giant, acid-spitting red desert wormMongoliaMongolian Death Worm
39%
Devil-like being who leapt among rooftopsEnglandSpring Heeled Jack
30%
Elephant- or dinosaur-like river monsterCongoMokele Mbembe
28%
Monster that dwells in Australian swamps and billabongsAustraliaBunyip
26%
Ten foot tall green monster with a red spade-shaped headWest VirginiaFlatwoods Monster
20%
Pudgy snake with the ability to jump and a taste for alcoholJapanTsuchinoko
12%
Odd sea monster resembling a hairy aquatic elephantSouth AfricaTrunko
10%

Score Distribution

Percentile by Number Answered

Percent of People with Each Score

Your Score History

You have not taken this quiz